MARC details
| 000 -LEADER |
| campo de control de longitud fija |
01791nac a22003017a 4500 |
| 003 - IDENTIFICADOR DE NÚMERO DE CONTROL |
| campo de control |
Co-PeBPM |
| 005 - FECHA Y HORA DE LA ÚLTIMA TRANSACCIÓN |
| campo de control |
20240824185408.0 |
| 007 - CAMPO FIJO DE DESCRIPCIÓN FÍSICA--INFORMACIÓN GENERAL |
| campo de control de longitud fija |
ta |
| 008 - DATOS DE LONGITUD FIJA--INFORMACIÓN GENERAL |
| campo de control de longitud fija |
240824t1997 ck |||| |||| 00| 0 spa d |
| 020 ## - NÚMERO INTERNACIONAL ESTÁNDAR DEL LIBRO |
| Número Internacional Estándar del Libro |
9589442269 |
| 040 ## - FUENTE DE CATALOGACIÓN |
| Centro catalogador/agencia de origen |
Co-PeBPM |
| Lengua de catalogación |
spa |
| Centro/agencia transcriptor |
Co-PeBPM |
| Normas de descripción |
rda |
| 082 04 - NÚMERO DE LA CLASIFICACIÓN DECIMAL DEWEY |
| Número de clasificación |
332.673 I62i |
| Número de edición |
22 |
| 245 10 - MENCIÓN DEL TÍTULO |
| Título |
La inversión extranjera en Colombia |
| Resto del título |
: Régimen jurídico y análisis económico |
| Mención de responsabilidad, etc. |
/ María Isabel Agudelo y otros; Coordinado por Philippe De Lombaerde |
| 250 ## - MENCION DE EDICION |
| Mención de edición |
Primera edición |
| 260 ## - PUBLICACIÓN, DISTRIBUCIÓN, ETC. |
| Lugar de publicación, distribución, etc. |
Bogotá, Colombia |
| Nombre del editor, distribuidor, etc. |
: Universidad Sergio Arboleda, |
| Fecha de publicación, distribución, etc. |
1997 |
| 300 ## - DESCRIPCIÓN FÍSICA |
| Extensión |
xx, 347 páginas |
| Otras características físicas |
ilustraciones, gráficos en blanco y negro |
| Dimensiones |
23 centímetros |
| 490 ## - MENCIÓN DE SERIE |
| Mención de serie |
Investigaciones |
| Designación de volumen o secuencia |
2 |
| 500 ## - NOTA GENERAL |
| Nota general |
Incluye índice |
| 504 ## - NOTA DE BIBLIOGRAFÍA, ETC. |
| Nota de bibliografía, etc. |
Incluye bibliografía al final de cada capítulo |
| 520 ## - RESUMEN, ETC. |
| Sumario, etc. |
Sobre todo en Colombia, donde la certeza se volvió un bien inaprensible, la universidad debe acudir al rescate de la verdad. Por ello, con la convicción de que a la verdad científica sólo se llega a través de la investigación, la Universidad Sergio Arboleda creó en Marzo de 1996, el Centro de Investigaciones Académicas - CIVILIZAR. CIVILIZAR decidió iniciar su labor investigativa con la puesta en marcha de un proyecto piloto, sobre la inversión extranjera en Colombia, desarrollado por un equipo de expertos en la materia, y coordinado por Philippe De Lombaerde, un investigador nato, con creciente repjutación en el área de la economía internacional. |
| 650 14 - PUNTO DE ACCESO ADICIONAL DE MATERIA--TÉRMINO DE MATERIA |
| Término de materia o nombre geográfico como elemento de entrada |
Inversiones extranjera |
| Fuente del encabezamiento o término |
Lemb |
| Subdivisión geográfica |
Colombia |
| 650 14 - PUNTO DE ACCESO ADICIONAL DE MATERIA--TÉRMINO DE MATERIA |
| Término de materia o nombre geográfico como elemento de entrada |
Inversión extranjera América latina |
| Fuente del encabezamiento o término |
Lemb |
| 650 14 - PUNTO DE ACCESO ADICIONAL DE MATERIA--TÉRMINO DE MATERIA |
| Término de materia o nombre geográfico como elemento de entrada |
Comercio exterior |
| Fuente del encabezamiento o término |
Lemb |
| 700 ## - ENTRADA AGREGADA--NOMBRE PERSONAL |
| Nombre de persona |
Alvarez, Carlos Guillermo |
| Término indicativo de función/relación |
coautor |
| 700 ## - ENTRADA AGREGADA--NOMBRE PERSONAL |
| Nombre de persona |
Anzola, Marcela |
| Término indicativo de función/relación |
coautora |
| 700 ## - ENTRADA AGREGADA--NOMBRE PERSONAL |
| Nombre de persona |
Lombaerde, Philippe De |
| Término indicativo de función/relación |
Coordinador |
| 942 ## - ELEMENTOS DE ENTRADA SECUNDARIOS (KOHA) |
| Fuente del sistema de clasificación o colocación |
Clasificación Decimal Dewey |
| Tipo de ítem Koha |
Libros |
| Suprimir en OPAC |
No |